000 00515nam a2200193 a 4500
005 20140310183439.0
008 080303s19uu xx 00 eng d
020 _a9781841122526
050 _aHF 5681.B2
_b.L2849 2002
100 _aLangdon, Ken
245 _aUnderstanding accounts /
_cKen Langdon.
260 _aUnited Kingdom :
_bCapstone Publishing,
_c2002.
300 _a128 p. :
_c18 cm.
521 _aBSA
650 _aAccounting.
700 _aBonham, Alan
942 _cBK
_2lcc
_kFOR
999 _c23027
_d23027